00637nam a2200181 u 450000100100000000500170001000800410002704000250006810000390009324500670013226000430019930000310024250000210027365000330029404900090032795201040033699900150044000000292820210915155422.0090706s1988 dr c r 000 0 spa d aDO-SdBNPbspacBNPHU1 aHernández, Francisco Romeo9930510aProfecias de nuestra América /cFrancisco Romeo Hernández. aSanto Domingo :bAlffa y amega,c1988. a105 p. :bretrs. ;c21 cm. aIncluye índice 0aRepública Dominicana99306 aBNPD 0010718PDaPDbPDcHDd2009-07-06iLF1l0o p2928-10r2020-06-25w2020-06-25yLFPDZNo se presta c2761d2761